00984nam a2200253 i 450000100060000000300090000600500170001500700030003200800410003508000280007608000080010410000320011224501240014425000330026826000310030130000220033249000440035460000730039865000350047183000520050685200330055899900170059195201220060813938ES-MaACL20250831023854.0t|980818r19721955fr ||||1| fre d a1 Agustín, Santo : 32 a3221 aArquillière, H.-X.92319812aL'Augustinisme politique b: essai sur la formation des théories politiques du moyen-age / cpar H.-X. Arquillière. a2e ed. rev. et augm, 2e tir. aParis : bJ. Vrin, c1972. a206 p. ; c25 cm.1 aL'Eglise et l'état au moyen-age ; v204aAgustín cSanto, Obispo de Hipona-xPensamiento político.91891917aIglesia y Estado2embne9135540 aL'Eglise et l'état au moyen-age ; v29228476 aES-MaACLjL-21186 bR.115756 c13938d13938 00104070aATENEOMbATENEOMcDEPO2d2008-01-17eSCl0oL-21186p1014182r2023-02-23 00:00:00w2023-02-23yMONOGRAFIA